Fr. Conceicao Rodrigues College of Engineering

Linear Integrated Circuits (Record no. 24947)

MARC details
000 -LEADER
fixed length control field 00346nam a2200157Ia 4500
082 ## - DEWEY DECIMAL CLASSIFICATION NUMBER
Classification number 621.3815/ROY
Item number ROY
100 ## - MAIN ENTRY--PERSONAL NAME
Personal name Roy choudhury D
250 ## - EDITION STATEMENT
Edition statement 3
245 ## - TITLE STATEMENT
Title Linear Integrated Circuits
260 ## - PUBLICATION, DISTRIBUTION, ETC.
Name of publisher, distributor, etc. New Age International Ltd.
Place of publication, distribution, etc. Mumbai
Date of publication, distribution, etc. 2007
300 ## - PHYSICAL DESCRIPTION
Extent 378
546 ## - LANGUAGE NOTE
Language note ENGLISH
650 ## - SUBJECT ADDED ENTRY--TOPICAL TERM
Topical term or geographic name entry element CIRCUITS
942 ## - ADDED ENTRY ELEMENTS (KOHA)
Koha item type BOOK
Holdings
Withdrawn status Lost status Damaged status Not for loan Collection Home library Current library Date acquired Source of acquisition Cost, normal purchase price Inventory number Total Checkouts Full call number Barcode Date last seen Date last checked out Cost, replacement price Price effective from Koha item type
        CRC Fr. Agnel's C.Rodrigues College of Engineering AGNEL TECHNICAL COLLEGE LIBRARY 17/03/2023 Professional Book House. 225.00 567 dt 25/03/2008 1 621.3815/ROY ROY 18551 15/05/2025 10/05/2025 225.00   BOOK